Sports Quiz

Random Sports or Baseball Quiz

MLB 2012 World Series: Detroit vs. San Francisco Quiz Stats

Quiz Updated Oct 25, 2012

Challenge
Share
Tweet
Embed
Score 0/30 Timer 05:00
0 Plays Today
Team Answer % Correct
DetroitTigers
96%
San FranciscoGiants
94.3%
DetroitJustin Verlander
88.8%
DetroitJustin Verlander
88.8%
DetroitJustin Verlander
88.8%
DetroitMiguel Cabrera
87.7%
DetroitMiguel Cabrera
87.7%
San Francisco2010
79.1%
DetroitJim Leyland
79.1%
San FranciscoBuster Posey
76.3%
San FranciscoBuster Posey
76.3%
Detroit2006
74.6%
San FranciscoMadison Bumgarner & Matt Cain
74.5%
San FranciscoTim Lincecum
72.7%
DetroitPrince Fielder
72%
Team Answer % Correct
DetroitComerica Park
70.7%
San FranciscoBruce Bochy
69.7%
San FranciscoAT&T Park
68.9%
San FranciscoBarry Bonds
64.5%
DetroitJose Valverde
53.5%
San FranciscoBarry Zito
48%
San FranciscoMarco Scutaro
46.1%
San FranciscoAngel Pagan
39.9%
DetroitDelmon Young
38.2%
DetroitDave Dombrowski
28%
San FranciscoBrian Sabean
24.4%
San FranciscoSantiago Casilla
18.9%
DetroitQuintin Berry
18.5%
San FranciscoOrlando Cepeda
9.2%
DetroitHal Newhouser
3.9%

You're not logged in!

Compare scores with friends on all Sporcle quizzes.
Join for Free
OR
Log In

You Might Also Like...

Show Comments

Extras

Top Quizzes Today


Score Distribution

Your Account Isn't Verified!

In order to create a playlist on Sporcle, you need to verify the email address you used during registration. Go to your Sporcle Settings to finish the process.

Report this User

Report this user for behavior that violates our Community Guidelines.

Details: